000 00576nam a2200205Ia 4500
005 20250923144938.0
008 008 250917s9999 xx 000 0 eng d
037 _aTextual
040 _aDSWL
_beng
_cDSWL
041 _aeng
_2eng
084 _aVibN45uN5, K4
_qDSWL
245 0 _aEverymen's united nations 1945
_cby United Nations
250 _a7th
260 _aNew York
_b Office of the Public Information U.N.
_c1964
300 _aX,638 p.
365 _aUSD
_b5
925 _g5
942 _cTEXL
_hVibN45uN5, K4
999 _c1445259
_d1445259